000 00408nam a2200145Ia 4500
008 100204s9999 xx 000 0 und d
082 _b3827
100 _aपाठक गं. रा.
245 _aअमृतपाश
260 _b"अभय साहित्य, पुणे"
_c1981
300 _a216
630 _aअमृतपाश
730 _aअमृतपाश
942 _cBOOK
999 _c465596
_d465593